Využitie sezónnych a mimosezónnych období na aktivity v cestovnom ruchu s aplikáciou na rekreačné oblasti Modra - Harmónia a Piesok (Zochova chata) diplomová práca

Uložené v:
Podrobná bibliografia
Hlavný autor: Kočišová, Petra
Korporativný autor: Obchodná fakulta EU. Katedra služieb a cestovného ruchu - zrušené
Ďalší autori: Litomerický, Juraj
Médium: Kniha
Jazyk:Slovak
Vydavateľské údaje: Bratislava 2009
Tagy: Pridať tag
Žiadne tagy, Buďte prvý, kto otaguje tento záznam!

MARC

LEADER 00000nam$a2200000$$$4500
001 0099371
005 20240318140407.8
041 0 |a slo 
044 |a SK 
245 1 0 |a Využitie sezónnych a mimosezónnych období na aktivity v cestovnom ruchu s aplikáciou na rekreačné oblasti Modra - Harmónia a Piesok (Zochova chata)  |b diplomová práca  |c Petra Kočišová ; škol. Juraj Litomerický 
264 1 |a Bratislava  |c 2009 
300 |a 84 s. 
100 1 |a Kočišová, Petra 
700 1 |a Litomerický, Juraj 
710 2 |a Obchodná fakulta EU. Katedra služieb a cestovného ruchu - zrušené